Pokémon - Quiz général #04 - Statistiques

Statistiques générales
  • Ce quiz a été pris 69 fois
  • Le résultat moyen est 6 sur 10
Statistiques - réponses
Question Réponse % Correct
Dans quelle région se déroule la sixième génération ? Kalos
86%
Dans l'animé, quel est le premier Pokémon légendaire ou fabuleux que Sacha rencontre ? Ho-oh
85%
Il existe au moins une capacité de type Sol qui peut affecter un Pokémon de type Vol Vrai
73%
Dans l'univers Pokémon, lequel de ces Pokémon n'existe pas ? Zygarde Ténébreux
71%
Quel type possède le plus d'immunité ? Spectre
66%
Lequel de ces Pokémon n'a pas besoin que son parent tienne un encens spécifique pour éclore d'un œuf ?
56%
Laquelle de ces propositions est fausse concernant Écrémeuh ? Sa forme chromatique est principalement verte
36%
Quel Pokémon possède cette description : « On le dit capable de parcourir plus de 10 000 km en 24 h. Le feu qui fait rage à l'intérieur du corps de ce Pokémon est la source de son pouvoir. » ? Arcanin
34%
À quel niveau Brindibou évolue t-il en Efflèche ? 17
29%
Quelle proposition ne désigne pas une ville de départ ? Ekaeka
17%
Aucun quiz correspondant
Distribution des résultats
% des personnes avec chaque résultat
Percentile par nombre de réponses
Votre historique - résultats
Vous n’avez pas pris ce quiz